| 000 -LEADER |
| fixed length control field |
00678nam a22001217a 4500 |
| 040 ## - CATALOGING SOURCE |
| Transcribing agency |
RUA |
| 082 ## - DEWEY DECIMAL CLASSIFICATION NUMBER |
| Classification number |
AVM SAM 2025 B705 Or.1 |
| 100 ## - MAIN ENTRY--AUTHOR NAME |
| Personal name |
SAMITH SEYMA, សាមីត សីម៉ា |
| 245 ## - TITLE STATEMENT |
| Title |
Case of escherichia coli resistance to antibiotics in piglets at sangkat kbal khoh, khan chbar ampov, phnom penh, ករណី Escherichia coli ស៊ាំនឹងឳសថអង់ទីប៊ីយ៉ូទិក លើកូនជ្រូក នៅសង្កាត់ក្បាលកោះ ខណ្ឌច្បារអំពៅ រាជធានីភ្នំពេញ |
| 260 ## - PUBLICATION, DISTRIBUTION, ETC. (IMPRINT) |
| Place of publication |
PHNOM PENH |
| Name of publisher |
RUA |
| Year of publication |
2025 |
| 300 ## - PHYSICAL DESCRIPTION |
| Number of Pages |
ix, 41p. |
| Other physical details |
ill. |
| Dimensions |
29cm. |
| 942 ## - ADDED ENTRY ELEMENTS (KOHA) |
| Koha item type |
AVM |
| 952 ## - LOCATION AND ITEM INFORMATION (KOHA) |
| Withdrawn status [LOCAL, KOHA] |
0 |
| 952 ## - LOCATION AND ITEM INFORMATION (KOHA) |
| Withdrawn status [LOCAL, KOHA] |
0 |